书目信息 |
| 题名: |
马克思恩格斯教育学说探讨
|
|
| 作者: | 厉以贤 著 | |
| 分册: | ||
| 出版信息: | 北京 教育科学出版社 1986.2 |
|
| 页数: | 232页 | |
| 开本: | 19cm | |
| 丛书名: | ||
| 单 册: | ||
| 中图分类: | A811.67 | |
| 科图分类: | 08.5 | |
| 主题词: | 教育理论-马克思,K.--研究 , 恩格斯,F.-教育理论--研究 | |
| 电子资源: | ||
| ISBN: | ||
| 000 | 00868nam0 2200277 45 | |
| 001 | 1533857892 | |
| 005 | 20150128111309.28 | |
| 010 | @dCNY1.40 | |
| 020 | @aCN@b88013237 | |
| 100 | @a19910417d1986 m y0chiy0120 ea | |
| 101 | 0 | @achi |
| 102 | @aCN@b110000 | |
| 105 | @ay z 000yy | |
| 200 | 10 | @a马克思恩格斯教育学说探讨@Ama ke si en ge si jiao yu xue shuo tan tao@f厉以贤等著@Fli yi xian deng zhu |
| 210 | @a北京@c教育科学出版社@d1986.2 | |
| 215 | @a232页@d19cm | |
| 540 | 1 | @a马克思恩格斯教育学说探讨@Ama ke si en ge si jiao yu xue shuo tan tao |
| 600 | 1 | @a马克思,K.-教育理论@x研究 |
| 600 | @a教育理论-马克思,K.@x研究 | |
| 606 | @a教育理论-马克思,K.@x研究 | |
| 606 | 1 | @a恩格斯,F.-教育理论@x研究 |
| 690 | @aA811.67@v1980 | |
| 692 | @a08.5@v1974 | |
| 701 | 0 | @a厉以贤@Ali yi xian@4著 |
| 801 | 0 | @aCN@bTSSF@c20150128 |
| 905 | @aZUCC@dA811.67@eJY1 | |
| 马克思恩格斯教育学说探讨/厉以贤等著.-北京:教育科学出版社,1986.2 |
| 232页;19cm |
| ISBN :CNY1.40 |
| ● |
| 相关链接 |
|
|
|
|
正题名:马克思恩格斯教育学说探讨
索取号:A811.67/JY1
 
预约/预借
| 序号 | 登录号 | 条形码 | 馆藏地/架位号 | 状态 | 备注 |
| 1 | 7859099 | 278590990 | 学院路分馆/ [索取号:A811.67/JY1] | 在馆 | |
| 2 | 7859100 | 278591007 | 学院路分馆/ [索取号:A811.67/JY1] | 在馆 | |
| 3 | 7859101 | 278591016 | 学院路分馆/ [索取号:A811.67/JY1] | 在馆 |